000 00272nam a22001217a 4500
040 _cSK
082 _a629
100 _aសន វិបុល
245 _aEnvironmental science; បរិស្ថាន
260 _aRUA
_bសន
_c2008
300 _a30p.
942 _cKB
999 _c10097
_d10097